Die torgefährlichsten Niederländer der Bundesliga Geschichte - Statistiken

Allgemein
  • Dieses Quiz wurde 310 mal gespielt
  • Das Durchschnittsergebnis liegt bei 6 aus 25
Antwortstatistiken
# Vereine Spiele Tore Antwort % Korrekt
1 FC Bayern München 201 99 Arjen Robben
96%
3 FC Schalke 04 184 84 Klaas-Jan Huntelaar
84%
7 Hamburger SV 152 45 Rafael van der Vaart
61%
4 FC Bayern München 129 78 Roy Makaay
60%
5 VfL Wolfsburg 118 59 Wout Weghorst
59%
6 VfL WolfsburgEintracht Frankfurt 121 48 Bas Dost
45%
18 Hamburger SV 36 12 Ruud van Nistelrooy
41%
24 FC Bayern München 123 11 Mark van Bommel
36%
2 Borussia DortmundRot-Weiss Essen 242 92 Willi Lippens
26%
11 Werder BremenEintracht Frankfurt Borussia Mönchengladbach 120 27 Arie van Lent
16%
23 Hamburger SVWerder Bremen 118 11 Eljero Elia
16%
9 FC Schalke 04 177 32 Youri Mulder
15%
8 Hamburger SVBayer 04 Leverkusen KFC Uerdingen 05 174 39 Erik Meijer
14%
19 Werder Bremen 69 12 Davy Klaassen
11%
12 FC AugsburgVfL Wolfsburg 189 21 Paul Verhaegh
11%
25 VfB StuttgartWerder Bremen 185 11 Frank Verlaat
9%
13 SC FreiburgBorussia Dortmund 49 20 Harry Decheiver
8%
20 1.FSV Mainz 05Hertha BSC 126 12 Jean-Paul Boëtius
7%
14 Hannover 96 111 20 Arnold Bruggink
6%
17 Borussia Mönchengladbach 156 13 Roel Brouwers
6%
15 Borussia DortmundMSV Duisburg 182 17 Alfred Nijhuis
4%
21 Hamburger SV 177 12 Nico-Jan Hoogma
4%
10 FC Schalke 04MSV Duisburg 249 32 Heinz van Haaren
1%
22 Rot-Weiss Essen 27 11 Harry de Vlugt
0%
16 MSV Duisburg 62 14 Heinz Versteeg
0%
Keine übereinstimmenden Quizze gefunden
Verteilung der Resultate
Anzahl Personen mit jedem Resultat
Perzentil nach korrekt beantworteten Fragen
Ihre Resultats-Entwicklung
Sie haben dieses Quiz noch nicht gespielt